Información en derecho de los cátedraticos de Salamanca contra el monasterio de monjas de Madrigal, sobre que las tercias que su Majestad a donado y sus pasados han de reputar por bienes seglares y como tales se han de litigar ante los jueces seglares, sin embargo, de que consistan en diezmos de la iglesia que son espirituales

Detalles Bibliográficos
Formato: Libro
Publicado: Salamanca, s.f.
Materias:
Colección:Banco de datos
Acervo:Biblioteca Palafoxiana. Colección de Manuscritos
Descripción Física:1 f. ; 21 x 30 cm.
Tema general:Eclesiástica
LEADER 00641nam a22001330004500
035 |a 2857 
245 1 0 |a Información en derecho de los cátedraticos de Salamanca contra el monasterio de monjas de Madrigal, sobre que las tercias que su Majestad a donado y sus pasados han de reputar por bienes seglares y como tales se han de litigar ante los jueces seglares, sin embargo, de que consistan en diezmos de la iglesia que son espirituales 
260 |a Salamanca, s.f. 
300 |a 1 f. ; 21 x 30 cm. 
650 1 0 |a Eclesiástica 
949 |a R467/042 
942 |c PALAMANU 
943 |g Biblioteca Palafoxiana. Colección de Manuscritos 
999 |c 1070802  |d 1070802